000
00290nam a22001337a 4500
008
170505b xxu||||| |||| 00| 0 eng d
020
_a
9780735527317
041
_a
eng
080
_a
34
100
_a
14
101
_a
SHJ
245
_a
CONSTITUTIONAL LAW
_c
EAMNUEL.S.L
942
_2
udc
_c
BK
999
_c
12793
_d
12793